[Event "CYCC U10"]
[Site "Regina CAN"]
[Date "2019.07.10"]
[Round "7.35"]
[White "Huang, Ivan"]
[Black "Huang, Winston"]
[Result "1-0"]
[WhiteElo "1104"]
[BlackElo "1065"]
[PlyCount "111"]
[EventDate "2019.07.07"]
[EventType "swiss"]
[EventRounds "7"]
[EventCountry "CAN"]

1. e4 e5 2. Nf3 Nc6 3. Bc4 Bc5 4. c3 Nf6 5. d4 exd4 6. cxd4 Bb4+ 7. Bd2 Bxd2+
8. Nbxd2 d5 9. exd5 Nxd5 10. O-O O-O 11. Re1 Be6 12. a3 Re8 13. Qc2 a6 14. Rac1
Qf6 15. Ne4 Qg6 16. Nc5 Qxc2 17. Rxc2 Rad8 18. Nxb7 Ra8 19. Nc5 a5 20. Nxe6
fxe6 21. Bxd5 Nxd4 22. Nxd4 exd5 23. Rxe8+ Rxe8 24. h3 Re1+ 25. Kh2 Rd1 26. Nf3
Rb1 27. Kg3 h6 28. Nd2 Rd1 29. Nf3 Rb1 30. Ne5 Kh7 31. Nc6 a4 32. Nb4 d4 33.
Kf3 Kg6 34. Nd3 Kf5 35. Rxc7 Rd1 36. Ke2 Rg1 37. Rxg7 Ke4 38. f3+ Kd5 39. Rh7
Kc4 40. Ne1 Kb3 41. Rb7+ Kc4 42. Rb4+ Kc5 43. Rxa4 Kd5 44. b4 Ke6 45. Ra6+ Kd5
46. b5 Ke5 47. b6 Kd5 48. b7 Ke5 49. b8=Q+ Kd5 50. Qc7 h5 51. Rd6+ Ke5 52. Qe7+
Kf5 53. Rf6+ Kg5 54. f4+ Kh4 55. Nf3+ Kg3 56. Qg7# 1-0

[Event "CYCC U10"]
[Site "Regina CAN"]
[Date "2019.07.10"]
[Round "7.36"]
[White "Chen, Vincent"]
[Black "Mane, Arnav"]
[Result "1-0"]
[WhiteElo "1456"]
[BlackElo "1097"]
[PlyCount "67"]
[EventDate "2019.07.07"]
[EventType "swiss"]
[EventRounds "7"]
[EventCountry "CAN"]

1. e4 c5 2. Nf3 d6 3. c4 Nc6 4. d4 cxd4 5. Nxd4 Nf6 6. Nc3 e5 7. Ndb5 a6 8. Na3
Be6 9. Bg5 Be7 10. Qd2 Nd4 11. Bxf6 Bxf6 12. Nc2 Bg5 13. Ne3 Bxe3 14. fxe3 Nc6
15. Nd5 Bxd5 16. exd5 Nb8 17. Qb4 Qh4+ 18. g3 Qe7 19. Rc1 a5 20. Qb5+ Qd7 21.
c5 dxc5 22. Qxc5 Qd8 23. Qb5+ Nd7 24. Bh3 Rb8 25. d6 g6 26. Bxd7+ Qxd7 27.
Qxe5+ Qe6 28. Qxh8+ Kd7 29. Qd4 Rc8 30. O-O Rc6 31. Rxc6 bxc6 32. Rf6 Qxa2 33.
Qa7+ Ke8 34. Qe7# 1-0

[Event "CYCC U10"]
[Site "Regina CAN"]
[Date "2019.07.10"]
[Round "7.37"]
[White "Zou, Alex"]
[Black "Li, Alan"]
[Result "1-0"]
[WhiteElo "1115"]
[BlackElo "1272"]
[PlyCount "105"]
[EventDate "2019.07.07"]
[EventType "swiss"]
[EventRounds "7"]
[EventCountry "CAN"]

1. e4 c5 2. Nf3 d6 3. d4 cxd4 4. Nxd4 Nf6 5. Nc3 a6 6. Bd3 b5 7. a3 Bb7 8. O-O
g6 9. Bd2 Bg7 10. Re1 Nfd7 11. Nf3 Nc5 12. Rb1 Nc6 13. h3 Ne5 14. Nxe5 Bxe5 15.
f4 Bg7 16. Kh2 O-O 17. b4 Nxd3 18. cxd3 Rc8 19. Rc1 Qb6 20. Qb3 Qd4 21. Re3 Bh6
22. g3 e5 23. Rf3 exf4 24. gxf4 Rfe8 25. Kg3 Bg7 26. Kg2 Qf6 27. Kg3 Rcd8 28.
Nd5 Bxd5 29. Qxd5 Qb2 30. Rf2 Qxa3 31. Rc6 Re6 32. e5 Qb2 33. Rxa6 Kf8 34. Rxd6
Rexd6 35. exd6 Qf6 36. Qxb5 Qxd6 37. Rf3 Qd4 38. Qc5+ Qxc5 39. bxc5 Rc8 40. Be3
Ke8 41. Rf2 Bf8 42. d4 Kd7 43. f5 Be7 44. fxg6 fxg6 45. Rf7 Rh8 46. Bg5 Re8 47.
Rxe7+ Rxe7 48. Bxe7 Kxe7 49. d5 h6 50. Kf4 Kd7 51. Ke5 Ke7 52. c6 Kd8 53. d6
1-0

[Event "CYCC U10"]
[Site "Regina CAN"]
[Date "2019.07.10"]
[Round "7.38"]
[White "Yu, Ryan Bole"]
[Black "Wu, Jonathan"]
[Result "0-1"]
[WhiteElo "841"]
[BlackElo "1079"]
[PlyCount "36"]
[EventDate "2019.07.07"]
[EventType "swiss"]
[EventRounds "7"]
[EventCountry "CAN"]

1. e4 e6 2. d4 d5 3. Nc3 Bb4 4. exd5 exd5 5. Nge2 Nf6 6. a3 Bd6 7. g3 Bf5 8.
Bg2 c6 9. Be3 O-O 10. O-O Re8 11. Qd2 Nbd7 12. Rac1 Nb6 13. Ra1 Nc4 14. Qc1 Be4
15. b3 Bxg2 16. Kxg2 Nxe3+ 17. fxe3 Ng4 18. Qd1 Nxe3+ 0-1

[Event "CYCC U10"]
[Site "Regina CAN"]
[Date "2019.07.10"]
[Round "7.39"]
[White "Gao, Joshua"]
[Black "Wang, Howard"]
[Result "0-1"]
[WhiteElo "960"]
[BlackElo "693"]
[PlyCount "42"]
[EventDate "2019.07.07"]
[EventType "swiss"]
[EventRounds "7"]
[EventCountry "CAN"]

1. e4 e5 2. Nf3 Nc6 3. Nc3 Nf6 4. Bc4 Bc5 5. d3 h6 6. O-O d6 7. h3 Nd4 8. a3 a5
9. Be3 Bd7 10. Re1 b5 11. Bd5 c6 12. Ba2 b4 13. Ne2 Nxf3+ 14. gxf3 Bxh3 15.
Bxc5 dxc5 16. Ng3 h5 17. Kh2 h4 18. Kxh3 hxg3+ 19. Kxg3 Nh5+ 20. Kg2 Nf4+ 21.
Kg1 Qg5+ 0-1

[Event "CYCC U10"]
[Site "Regina CAN"]
[Date "2019.07.10"]
[Round "7.40"]
[White "Li, Anthony Zongyue"]
[Black "Zhou, Felix Tian"]
[Result "1-0"]
[WhiteElo "847"]
[BlackElo "766"]
[PlyCount "41"]
[EventDate "2019.07.07"]
[EventType "swiss"]
[EventRounds "7"]
[EventCountry "CAN"]

1. d4 Nf6 2. Nf3 d5 3. e3 Bf5 4. Bd3 Ne4 5. Nbd2 Nc6 6. c4 e6 7. Qa4 a6 8. a3
b5 9. cxb5 axb5 10. Qxb5 Nd6 11. Qxc6+ Ke7 12. Bxf5 Nxf5 13. O-O Qc8 14. e4 Ra6
15. Qc3 dxe4 16. Nxe4 Qb7 17. Nc5 Qc6 18. Ne5 Qd5 19. Nxa6 Nh4 20. Qxc7+ Kf6
21. Qxf7# 1-0

[Event "CYCC U10"]
[Site "Regina CAN"]
[Date "2019.07.10"]
[Round "7.41"]
[White "Shi, Sean"]
[Black "Li, Anthony"]
[Result "1-0"]
[WhiteElo "697"]
[BlackElo "661"]
[PlyCount "75"]
[EventDate "2019.07.07"]
[EventType "swiss"]
[EventRounds "7"]
[EventCountry "CAN"]

1. e4 c5 2. Nf3 d6 3. Bc4 e6 4. Nc3 Nf6 5. O-O d5 6. Bb5+ Bd7 7. Bxd7+ Nbxd7 8.
exd5 exd5 9. d4 c4 10. Bf4 Be7 11. Re1 O-O 12. Bg5 Bd6 13. Nxd5 h6 14. Nxf6+
gxf6 15. Bxh6 Re8 16. Rxe8+ Qxe8 17. h3 Qe4 18. d5 f5 19. Qd4 Qxd4 20. Nxd4 Be5
21. c3 Re8 22. Re1 Kh7 23. Nxf5 Bh2+ 24. Kf1 Rg8 25. Be3 b6 26. g3 Nc5 27. Bxc5
bxc5 28. Kg2 Bxg3 29. fxg3 Rb8 30. Re2 a5 31. d6 a4 32. d7 Rd8 33. Rd2 Kg6 34.
Ne7+ Kf6 35. Nc6 Rg8 36. d8=Q+ Rxd8 37. Rxd8 Ke6 38. Ra8 1-0

[Event "CYCC U10"]
[Site "Regina CAN"]
[Date "2019.07.10"]
[Round "7.43"]
[White "Wang, Dennis"]
[Black "Chen, Tom"]
[Result "1/2-1/2"]
[WhiteElo "776"]
[BlackElo "907"]
[PlyCount "57"]
[EventDate "2019.07.07"]
[EventType "swiss"]
[EventRounds "7"]
[EventCountry "CAN"]

1. e4 e5 2. Nf3 Nc6 3. Bc4 Nf6 4. Ng5 Bc5 5. Bxf7+ Kf8 6. Bc4 Bxf2+ 7. Kf1 d5
8. exd5 Na5 9. Bb3 Nxb3 10. axb3 h6 11. Nf3 e4 12. Kxf2 exf3 13. Qxf3 Qxd5 14.
Qxd5 Nxd5 15. Rf1 Kf7 16. c3 Kg6 17. Kg3 Be6 18. h3 Rhf8 19. Rxf8 Rxf8 20. d4
a6 21. Bd2 Nf6 22. Kh2 Ne4 23. c4 Nxd2 24. Nxd2 Rf2 25. Rd1 Rf7 26. Rf1 Rxf1
27. Nxf1 Kf5 28. d5 Bd7 29. Kg3 1/2-1/2

[Event "CYCC U10"]
[Site "Regina CAN"]
[Date "2019.07.10"]
[Round "7.44"]
[White "Johnson, William"]
[Black "Xu, Joey"]
[Result "0-1"]
[WhiteElo "935"]
[BlackElo "950"]
[PlyCount "46"]
[EventDate "2019.07.07"]
[EventType "swiss"]
[EventRounds "7"]
[EventCountry "CAN"]

1. e4 e5 2. Nf3 Nc6 3. Bc4 Bc5 4. Nc3 Nf6 5. d3 h6 6. O-O d6 7. h3 O-O 8. Be3
Bxe3 9. fxe3 Qe7 10. a3 Be6 11. Nd5 Bxd5 12. Bxd5 Nxd5 13. exd5 Nd8 14. Re1 c6
15. d4 cxd5 16. dxe5 dxe5 17. Qxd5 Nc6 18. e4 Rad8 19. Qc5 Qxc5+ 20. Kh2 Nd4
21. Rad1 Nxf3+ 22. gxf3 Rxd1 23. Rxd1 Qxc2+ 0-1

[Event "CYCC U10 w"]
[Site "Regina CAN"]
[Date "2019.07.07"]
[Round "1.6"]
[White "Gao, Lucy"]
[Black "Sicard, Emma"]
[Result "1-0"]
[WhiteElo "1647"]
[BlackElo "742"]
[PlyCount "31"]
[EventDate "2019.07.07"]
[EventType "swiss"]
[EventRounds "7"]
[EventCountry "CAN"]

1. e4 e5 2. Nf3 d6 3. Bc4 Nc6 4. O-O Nf6 5. Ng5 Nxe4 6. Nxf7 Qf6 7. Nxh8 Na5 8.
Bf7+ Ke7 9. d3 Bg4 10. Qxg4 Nc5 11. Bg5 e4 12. Bxf6+ Kxf6 13. d4 Na4 14. Qe6+
Kg5 15. f4+ Kh4 16. Qh3# 1-0

[Event "CYCC U10 w"]
[Site "Regina CAN"]
[Date "2019.07.07"]
[Round "1.7"]
[White "Inozemtseva, Milana"]
[Black "Xu, Sophie"]
[Result "0-1"]
[WhiteElo "629"]
[BlackElo "1343"]
[PlyCount "80"]
[EventDate "2019.07.07"]
[EventType "swiss"]
[EventRounds "7"]
[EventCountry "CAN"]

1. e4 c6 2. d4 d5 3. e5 Bf5 4. c4 Bxb1 5. Rxb1 Qa5+ 6. Bd2 Qxa2 7. Nf3 dxc4 8.
Qc2 Qb3 9. Qxc4 Qxc4 10. Bxc4 e6 11. d5 cxd5 12. Bb5+ Nc6 13. Nd4 Nge7 14. Rc1
Rc8 15. Rc2 a6 16. Nxc6 axb5 17. Nd4 Rxc2 18. Nxc2 Nc6 19. f4 Bc5 20. Rf1 O-O
21. Rf3 Ra8 22. Rc3 Nb4 23. Rxc5 Nd3+ 24. Ke2 Nxc5 25. Nd4 Ra2 26. b4 Ne4 27.
Nb3 Rb2 28. Nc1 Rxd2+ 29. Kf1 Rd1+ 30. Ke2 Rxc1 31. Kd3 Rb1 32. Kc2 Rxb4 33.
Kd3 Rc4 34. Ke2 b4 35. Ke3 b3 36. Ke2 b2 37. Kd3 b1=Q+ 38. Ke2 Qc2+ 39. Ke1
Qf2+ 40. Kd1 Qd2# 0-1

[Event "CYCC U10 w"]
[Site "Regina CAN"]
[Date "2019.07.07"]
[Round "1.8"]
[White "Guo, Anni"]
[Black "Atanasio, Claire Marques"]
[Result "1-0"]
[WhiteElo "1213"]
[BlackElo "578"]
[PlyCount "35"]
[EventDate "2019.07.07"]
[EventType "swiss"]
[EventRounds "7"]
[EventCountry "CAN"]

1. e4 e5 2. Nf3 Nc6 3. Bb5 a6 4. Bxc6 bxc6 5. O-O Nf6 6. Nxe5 Qe7 7. Nf3 Qxe4
8. Re1 Qe6 9. Nd4 Qe7 10. Rxe7+ Bxe7 11. Nf5 Bc5 12. d4 g6 13. Bg5 h6 14. Bxf6
O-O 15. dxc5 gxf5 16. Qf3 d5 17. Qg3+ Kh7 18. Qg7# 1-0

[Event "CYCC U10 w"]
[Site "Regina CAN"]
[Date "2019.07.07"]
[Round "1.9"]
[White "Shaeri, Dorsa"]
[Black "Giasson, Coralie"]
[Result "1-0"]
[WhiteElo "488"]
[BlackElo "908"]
[PlyCount "97"]
[EventDate "2019.07.07"]
[EventType "swiss"]
[EventRounds "7"]
[EventCountry "CAN"]

1. e4 e5 2. Nf3 Nc6 3. Nc3 Nf6 4. d4 exd4 5. Nxd4 Bc5 6. Be3 Nxd4 7. Bxd4 Bxd4
8. Qxd4 d6 9. Qd1 O-O 10. Qd2 Be6 11. Bd3 Re8 12. Ne2 a6 13. Qe3 b5 14. Qg3 Nh5
15. Qf3 Qg5 16. h3 Rf8 17. Rg1 f5 18. Nd4 Bd7 19. exf5 Bxf5 20. Bxf5 c5 21. Ne6
Rxf5 22. Nxg5 Re8+ 23. Kd1 Rxf3 24. Nxf3 Nf4 25. Re1 Rf8 26. Kd2 Nxg2 27. Rg1
Nf4 28. h4 Nd5 29. Ne1 Rxf2+ 30. Kd1 Ne3+ 31. Kc1 c4 32. c3 d5 33. Kb1 b4 34.
cxb4 d4 35. a3 d3 36. Ka2 d2 37. h5 h6 38. Rg3 dxe1=Q 39. Rxe1 Nc2 40. Re8+ Kh7
41. Re7 Kg8 42. Rgxg7+ Kf8 43. Rh7 Rf1 44. b3 Nxa3 45. Rc7 cxb3+ 46. Kxa3 Ra1+
47. Kb2 Ra2+ 48. Kxb3 Re2 49. Rh8# 1-0

[Event "CYCC U10 w"]
[Site "Regina CAN"]
[Date "2019.07.07"]
[Round "2.6"]
[White "Sorgard, Abigail"]
[Black "Gao, Lucy"]
[Result "0-1"]
[WhiteElo "744"]
[BlackElo "1647"]
[PlyCount "66"]
[EventDate "2019.07.07"]
[EventType "swiss"]
[EventRounds "7"]
[EventCountry "CAN"]

1. e4 e5 2. Nf3 Nc6 3. Bc4 Bc5 4. b4 Bxb4 5. c3 Be7 6. d4 d6 7. Qb3 Na5 8.
Bxf7+ Kf8 9. Qa4 Kxf7 10. Qxa5 exd4 11. Ng5+ Bxg5 12. Bxg5 Ne7 13. cxd4 c5 14.
Qd2 cxd4 15. Qxd4 Qa5+ 16. Nc3 Qxg5 17. Rg1 Qe5 18. Kf1 Qxd4 19. Rc1 Qd2 20.
Ne2 b6 21. Re1 Ba6 22. a4 Rac8 23. g3 Bxe2+ 24. Rxe2 Rc1+ 25. Kg2 Rxg1+ 26. Kf3
Qd1 27. Ke3 Rc8 28. f3 Rc3+ 29. Kf4 Qxe2 30. Kg4 Qxf3+ 31. Kg5 h6+ 32. Kh4 g5+
33. Kh3 Qh5# 0-1

[Event "CYCC U10 w"]
[Site "Regina CAN"]
[Date "2019.07.07"]
[Round "2.7"]
[White "Xu, Sophie"]
[Black "Shaeri, Dorsa"]
[Result "1-0"]
[WhiteElo "1343"]
[BlackElo "488"]
[PlyCount "75"]
[EventDate "2019.07.07"]
[EventType "swiss"]
[EventRounds "7"]
[EventCountry "CAN"]

1. d4 d5 2. Bf4 Nc6 3. e3 Nf6 4. Nf3 Bf5 5. c3 e6 6. Nbd2 Bd6 7. Bg3 Ne7 8. Qb3
Rb8 9. Be2 h6 10. Qa4+ Nc6 11. Bb5 Qd7 12. Bxc6 bxc6 13. Qxa7 Qd8 14. Bxd6 cxd6
15. Nb3 Ra8 16. Qb7 Qb8 17. Qxb8+ Rxb8 18. O-O Nd7 19. Nfd2 Nb6 20. a4 Ra8 21.
Ra3 Nxa4 22. Rfa1 Bc2 23. Rxa4 Rb8 24. Ra8 O-O 25. Rxb8 Rxb8 26. Ra3 c5 27.
dxc5 dxc5 28. Nxc5 Rxb2 29. h4 Bf5 30. Nf3 Rb1+ 31. Kh2 Rf1 32. Kg3 h5 33. Nd7
Bg4 34. Nfe5 Bf5 35. Ra8+ Kh7 36. Nf8+ Kg8 37. Nfg6+ Kh7 38. Rh8# 1-0

[Event "CYCC U10 w"]
[Site "Regina CAN"]
[Date "2019.07.07"]
[Round "2.10"]
[White "Sicard, Emma"]
[Black "Woodbury, Jordis"]
[Result "1-0"]
[WhiteElo "742"]
[BlackElo "844"]
[PlyCount "28"]
[EventDate "2019.07.07"]
[EventType "swiss"]
[EventRounds "7"]
[EventCountry "CAN"]

1. e4 Nf6 2. Nc3 Nc6 3. d3 e5 4. d4 exd4 5. Nd5 Nxe4 6. Qf3 Ng5 7. Qf4 Be7 8.
Nxe7 Qxe7+ 9. Ne2 Ne5 10. Bd2 Ne6 11. Qf5 g6 12. Qxe5 d6 13. Qxh8+ Kd7 14. Ng3
Nf8+ {...} 1-0

[Event "CYCC U10 w"]
[Site "Regina CAN"]
[Date "2019.07.07"]
[Round "2.11"]
[White "Scalabrini, Julianne"]
[Black "Inozemtseva, Milana"]
[Result "0-1"]
[WhiteElo "747"]
[BlackElo "629"]
[PlyCount "62"]
[EventDate "2019.07.07"]
[EventType "swiss"]
[EventRounds "7"]
[EventCountry "CAN"]

1. e4 e5 2. Qh5 Nc6 3. Bc4 g6 4. Qe2 Nf6 5. f4 exf4 6. g3 Qe7 7. Nc3 Bg7 8. d3
O-O 9. Bxf4 Nd4 10. Qe3 Nxc2+ 11. Kd2 Nxe3 12. Kxe3 Ng4+ 13. Kf3 d6 14. h3 Nf6
15. h4 Bg4+ 16. Ke3 d5 17. Bb5 Qc5+ 18. d4 Qb4 19. a3 Qxb2 20. Rb1 Qxc3+ 21.
Bd3 dxe4 22. Ne2 Qxd3+ 23. Kf2 Qxe2+ 24. Kg1 Bf3 25. Rh2 Qd3 26. Rh3 Qe2 27.
Rh2 Qd3 28. Rbb2 Ng4 29. Rhd2 Qc3 30. Rxb7 e3 31. Ra2 Qe1# 0-1

[Event "CYCC U10 w"]
[Site "Regina CAN"]
[Date "2019.07.08"]
[Round "3.6"]
[White "Gao, Lucy"]
[Black "Xu, Sophie"]
[Result "1-0"]
[WhiteElo "1647"]
[BlackElo "1343"]
[PlyCount "61"]
[EventDate "2019.07.07"]
[EventType "swiss"]
[EventRounds "7"]
[EventCountry "CAN"]

1. e4 c6 2. d4 d5 3. Nc3 dxe4 4. Nxe4 Bf5 5. Ng3 Bg6 6. h4 h6 7. Nf3 Nd7 8. Bd3
Bxd3 9. Qxd3 Ngf6 10. Bf4 e6 11. O-O-O Ng4 12. Qe2 Qf6 13. Be5 Ndxe5 14. dxe5
Qf4+ 15. Kb1 Bc5 16. Ne4 Bb6 17. g3 Qf5 18. Nd6+ Ke7 19. Nxf5+ exf5 20. Nd4 g6
21. f3 Rhd8 22. c3 c5 23. Nb5 a6 24. Nd6 c4 25. fxg4 fxg4 26. Qxc4 Rf8 27. Rhf1
f5 28. exf6+ Rxf6 29. Rxf6 Kxf6 30. Qf7+ Ke5 31. Rd5# 1-0

[Event "CYCC U10 w"]
[Site "Regina CAN"]
[Date "2019.07.08"]
[Round "3.7"]
[White "Guo, Anni"]
[Black "Sorgard, Abigail"]
[Result "1-0"]
[WhiteElo "1213"]
[BlackElo "744"]
[PlyCount "45"]
[EventDate "2019.07.07"]
[EventType "swiss"]
[EventRounds "7"]
[EventCountry "CAN"]

1. e4 e5 2. Nf3 Nc6 3. Bb5 Nf6 4. d3 d6 5. h3 Be7 6. Nc3 O-O 7. O-O Be6 8. Bg5
a6 9. Ba4 Nd4 10. Nxd4 exd4 11. Ne2 c5 12. c3 dxc3 13. bxc3 b5 14. Bc2 d5 15.
e5 Nd7 16. Bxe7 Qxe7 17. f4 Nb6 18. f5 Bd7 19. d4 Nc4 20. f6 Qd8 21. fxg7 Kxg7
22. Qd3 Kh8 23. Qxh7# 1-0

[Event "CYCC U10 w"]
[Site "Regina CAN"]
[Date "2019.07.08"]
[Round "3.8"]
[White "Atanasio, Claire Marques"]
[Black "Giasson, Coralie"]
[Result "0-1"]
[WhiteElo "578"]
[BlackElo "908"]
[PlyCount "44"]
[EventDate "2019.07.07"]
[EventType "swiss"]
[EventRounds "7"]
[EventCountry "CAN"]

1. e4 e5 2. Nf3 Nc6 3. Nc3 Nf6 4. d4 exd4 5. Nxd4 Nxd4 6. Qxd4 b6 7. Qe3 Bc5 8.
Qf3 d6 9. e5 Bg4 10. Qg3 Qe7 11. Bb5+ Kf8 12. Ne4 Nxe4 13. Qxg4 Nxf2 14. Qg3
Nxh1 15. Qh3 Qxe5+ 16. Kf1 Qf6+ 17. Ke1 Qf2+ 18. Kd1 Qg1+ 19. Kd2 Qd4+ 20. Ke2
Qe4+ 21. Kd2 Nf2 22. Qh5 Qe3# 0-1

[Event "CYCC U10 w"]
[Site "Regina CAN"]
[Date "2019.07.08"]
[Round "3.11"]
[White "Shaeri, Dorsa"]
[Black "Scalabrini, Julianne"]
[Result "1-0"]
[WhiteElo "488"]
[BlackElo "747"]
[PlyCount "67"]
[EventDate "2019.07.07"]
[EventType "swiss"]
[EventRounds "7"]
[EventCountry "CAN"]

1. e4 e5 2. Nf3 Nf6 3. Nc3 Bb4 4. Bc4 d5 5. exd5 c6 6. dxc6 Nxc6 7. d3 O-O 8.
Be3 b6 9. a3 Bc5 10. Bxc5 bxc5 11. Na4 Re8 12. Nxc5 e4 13. dxe4 Nxe4 14. Nxe4
Bf5 15. Nfg5 Bxe4 16. Bxf7+ Kf8 17. Bxe8 Qxe8 18. Nxe4 Qxe4+ 19. Qe2 Qd5 20.
Qf3+ Qf7 21. Qxf7+ Kxf7 22. O-O Nd4 23. c3 Nc2 24. Rac1 Ne3 25. fxe3+ Kg8 26.
Rce1 Rd8 27. e4 Rb8 28. e5 Rxb2 29. e6 g5 30. e7 Kg7 31. e8=Q Ra2 32. Rf8 Kh6
33. Re6+ Kg7 34. Qe7# 1-0

[Event "CYCC U10 w"]
[Site "Regina CAN"]
[Date "2019.07.08"]
[Round "4.6"]
[White "Guo, Anni"]
[Black "Gao, Lucy"]
[Result "1/2-1/2"]
[WhiteElo "1213"]
[BlackElo "1647"]
[PlyCount "46"]
[EventDate "2019.07.07"]
[EventType "swiss"]
[EventRounds "7"]
[EventCountry "CAN"]

1. e4 e5 2. Nf3 Nc6 3. Bb5 a6 4. Bxc6 dxc6 5. d3 Bc5 6. Nc3 Qe7 7. h3 Nf6 8.
O-O O-O 9. Bg5 h6 10. Bh4 Qe6 11. Bg3 Bd6 12. Qd2 Nh5 13. Bh2 Qg6 14. Nh4 Qf6
15. Bg3 Bc5 16. Kh2 g5 17. Nf3 Nf4 18. Bxf4 exf4 19. e5 Qg6 20. Ne4 Be7 21. g4
fxg3+ 22. Nxg3 Qe6 23. Ng1 g4 1/2-1/2

[Event "CYCC U10 w"]
[Site "Regina CAN"]
[Date "2019.07.08"]
[Round "4.8"]
[White "Giasson, Coralie"]
[Black "Inozemtseva, Milana"]
[Result "0-1"]
[WhiteElo "908"]
[BlackElo "629"]
[PlyCount "110"]
[EventDate "2019.07.07"]
[EventType "swiss"]
[EventRounds "7"]
[EventCountry "CAN"]

1. e4 e5 2. Nf3 Nf6 3. Nc3 Nc6 4. Bc4 Bc5 5. O-O O-O 6. d3 Ng4 7. Bg5 Ne7 8.
Nd5 f6 9. Nxf6+ Kh8 10. Nxg4 d5 11. Bxd5 Bxg4 12. a3 c6 13. Ba2 Qd7 14. Bxe7
Qxe7 15. h3 Bxf3 16. gxf3 Rf6 17. Kh1 Rh6 18. Kh2 Qf6 19. Rg1 Qf4+ 20. Kg2 Rf8
21. Qe2 Rff6 22. Rh1 Rhg6+ 23. Kf1 Qxf3 24. Qxf3 Rxf3 25. Rh2 Rgf6 26. Rd1 Bxf2
27. Rg2 Rxh3 28. Rxf2 Rh1+ 29. Kg2 Rxd1 30. Be6 Rxf2+ 31. Kxf2 Rd2+ 32. Ke3
Rxc2 33. b3 Rc1 34. d4 Re1+ 35. Kd3 exd4 36. Kxd4 Rd1+ 37. Ke5 Rf1 38. Kd6 Rf6
39. e5 Rf3 40. Kd7 g5 41. Bc4 b5 42. e6 bxc4 43. e7 Rd3+ 44. Kxc6 Re3 45. Kd7
Rxe7+ 46. Kxe7 cxb3 47. a4 b2 48. a5 b1=Q 49. Kd6 g4 50. Kc6 g3 51. a6 g2 52.
Kd6 g1=Q 53. Ke7 Qge1+ 54. Kf7 Qg6+ 55. Kf8 Qf6# 0-1

[Event "CYCC U10 w"]
[Site "Regina CAN"]
[Date "2019.07.08"]
[Round "4.9"]
[White "Woodbury, Jordis"]
[Black "Shaeri, Dorsa"]
[Result "0-1"]
[WhiteElo "844"]
[BlackElo "488"]
[PlyCount "61"]
[EventDate "2019.07.07"]
[EventType "swiss"]
[EventRounds "7"]
[EventCountry "CAN"]

1. e3 e5 2. Be2 Nc6 3. d3 Nf6 4. Bd2 d6 5. d4 Be6 6. Nc3 a6 7. Nf3 Be7 8. dxe5
Nxe5 9. Nd4 Bd7 10. e4 Nc6 11. O-O Nxd4 12. Bd3 Bg4 13. Be2 Be6 14. Bd3 c6 15.
Be3 Nb5 16. Re1 Nc7 17. Qe2 d5 18. Qf1 d4 19. Bd2 dxc3 20. Be3 cxb2 21. Rab1
Bb4 22. c3 Bxc3 23. Red1 Bxa2 24. g3 Bxb1 25. Rxb1 Qe7 26. Bc5 Qe5 27. f4 Qxc5+
28. Kg2 Qe7 29. Rd1 Nxe4 30. Bxe4 b1=Q 31. Bxb1 {...} 0-1

[Event "CYCC U10 w"]
[Site "Regina CAN"]
[Date "2019.07.08"]
[Round "4.11"]
[White "Sicard, Emma"]
[Black "Atanasio, Claire Marques"]
[Result "1-0"]
[WhiteElo "742"]
[BlackElo "578"]
[PlyCount "51"]
[EventDate "2019.07.07"]
[EventType "swiss"]
[EventRounds "7"]
[EventCountry "CAN"]

1. e4 e5 2. Nf3 Nc6 3. Bc4 Qf6 4. d4 exd4 5. Bg5 Qf4 6. Bxf4 Nf6 7. c3 Bc5 8.
cxd4 Nxd4 9. Nh4 Nc6 10. Qb3 Na5 11. Bxf7+ Kd8 12. Bxc7+ Kxc7 13. Qd3 Bb4+ 14.
Nd2 b6 15. Rc1+ Nc6 16. e5 Ng4 17. O-O Kb8 18. Bc4 Ncxe5 19. Qd4 h5 20. Bf7 d6
21. Rc4 Bc5 22. Rxc5 bxc5 23. Qxd6+ Kb7 24. Bd5+ Nc6 25. Qxc6+ Kb8 26. Qd6# 1-0

[Event "CYCC U10 w"]
[Site "Regina CAN"]
[Date "2019.07.09"]
[Round "5.6"]
[White "Gao, Lucy"]
[Black "Inozemtseva, Milana"]
[Result "1-0"]
[WhiteElo "1647"]
[BlackElo "629"]
[PlyCount "33"]
[EventDate "2019.07.07"]
[EventType "swiss"]
[EventRounds "7"]
[EventCountry "CAN"]

1. e4 e5 2. Nf3 Nf6 3. Nxe5 d6 4. Nf3 Nxe4 5. d3 Nf6 6. Nc3 Nc6 7. d4 d5 8. Bg5
Bg4 9. Be2 Qe7 10. Nxd5 Qd7 11. Nxf6+ gxf6 12. Bxf6 Rg8 13. d5 Nb4 14. Ne5 Qxd5
15. Bxg4 Qxd1+ 16. Kxd1 Nd5 17. Bd7# 1-0

[Event "CYCC U10 w"]
[Site "Regina CAN"]
[Date "2019.07.09"]
[Round "5.7"]
[White "Shaeri, Dorsa"]
[Black "Guo, Anni"]
[Result "0-1"]
[WhiteElo "488"]
[BlackElo "1213"]
[PlyCount "106"]
[EventDate "2019.07.07"]
[EventType "swiss"]
[EventRounds "7"]
[EventCountry "CAN"]

1. e4 c5 2. Nc3 d6 3. Nf3 a6 4. Bc4 Nc6 5. Ng5 e6 6. Nf3 b5 7. Be2 Nf6 8. a4 b4
9. Nb1 Nxe4 10. d4 a5 11. Bd3 Nf6 12. dxc5 dxc5 13. c3 Be7 14. Qd2 O-O 15. Qc2
Ba6 16. Bxa6 Rxa6 17. Bg5 h6 18. Bxf6 Bxf6 19. Rg1 Qd5 20. Qe2 Ra7 21. Nbd2
bxc3 22. bxc3 Bxc3 23. Rd1 Rb8 24. Kf1 Bxd2 25. Rxd2 Rb1+ 26. Ne1 Nd4 27. Qd3
Rb3 28. Qe2 Nxe2 29. Rxd5 exd5 30. Kxe2 Ra3 31. Nc2 Rxa4 32. Rd1 Re7+ 33. Kf1
d4 34. Rb1 Kf8 35. g3 f6 36. Rb5 Re5 37. Rb8+ Kf7 38. Rb7+ Kg6 39. Rb1 Ra2 40.
Ne1 Ree2 41. Nd3 Rec2 42. Nf4+ Kf5 43. Nd3 Ke4 44. Ne1 Rxf2+ 45. Kg1 Rxh2 46.
Rd1 Rhd2 47. Rc1 Kd5 48. Rb1 Kc4 49. Rc1+ Kb4 50. Rb1+ Rab2 51. Nd3+ Kc3 52.
Nxb2 Rxb2 53. Re1 d3 {...} 0-1

[Event "CYCC U10 w"]
[Site "Regina CAN"]
[Date "2019.07.09"]
[Round "5.8"]
[White "Giasson, Coralie"]
[Black "Xu, Sophie"]
[Result "0-1"]
[WhiteElo "908"]
[BlackElo "1343"]
[PlyCount "122"]
[EventDate "2019.07.07"]
[EventType "swiss"]
[EventRounds "7"]
[EventCountry "CAN"]

1. e4 c6 2. Nf3 d5 3. exd5 cxd5 4. d4 Bf5 5. Nc3 Nf6 6. Bg5 e6 7. Bb5+ Nbd7 8.
O-O Be7 9. Ne5 O-O 10. Bxf6 Nxf6 11. Bd3 Bxd3 12. Qxd3 Rc8 13. f4 Qc7 14. a3
Qb6 15. Rab1 Qa5 16. Rf3 Rc7 17. b4 Qxa3 18. Nb5 Qxd3 19. cxd3 Rc2 20. Nxa7 Ra8
21. Nb5 Raa2 22. Rg3 Bxb4 23. h3 Rab2 24. Ra1 h6 25. Ng4 Nxg4 26. hxg4 Bd2 27.
f5 Rxb5 28. fxe6 fxe6 29. Rf1 Rc1 30. Rxc1 Bxc1 31. Rf3 Rb4 32. Rf1 Be3+ 33.
Kh1 Rxd4 34. Rb1 Rxg4 35. Kh2 Bf2 36. g3 Bxg3+ 37. Kg2 b6 38. Rxb6 Bc7+ 39. Kf3
Rg3+ 40. Kf2 Bxb6+ 41. Kxg3 Kf7 42. Kf4 Kf6 43. Kg4 g6 44. Kf4 g5+ 45. Kg4 Kg6
46. Kf3 Kf5 47. Kg3 h5 48. Kf3 h4 49. d4 g4+ 50. Kg2 Bxd4 51. Kh1 Kf4 52. Kh2
Bg1+ 53. Kh1 h3 54. Kxg1 Kg3 55. Kh1 d4 56. Kg1 d3 57. Kf1 h2 58. Ke1 h1=Q+ 59.
Kd2 Qe4 60. Kd1 Qe2+ 61. Kc1 Qc2# 0-1

[Event "CYCC U10 w"]
[Site "Regina CAN"]
[Date "2019.07.09"]
[Round "5.11"]
[White "Scalabrini, Julianne"]
[Black "Woodbury, Jordis"]
[Result "1-0"]
[WhiteElo "747"]
[BlackElo "844"]
[PlyCount "85"]
[EventDate "2019.07.07"]
[EventType "swiss"]
[EventRounds "7"]
[EventCountry "CAN"]

1. e4 Nc6 2. Nc3 Nf6 3. d3 d6 4. Bg5 h6 5. Bh4 Bg4 6. f3 Bh5 7. Qd2 e6 8. O-O-O
g5 9. Qe1 gxh4 10. e5 dxe5 11. d4 exd4 12. Nb5 Bb4 13. c3 dxc3 14. Rxd8+ Kxd8
15. g3 hxg3 16. Qxg3 Bc5 17. Qxc7+ Ke8 18. Nh3 Nb8 19. Bc4 Kf8 20. Rd1 Na6 21.
Qxb7 Re8 22. Qxa6 Be3+ 23. Kc2 Bg6+ 24. Kb3 Re7 25. Qc8+ Ne8 26. Qd8 Bb6 27.
Qd2 Ba5 28. Qd4 Rh7 29. Qc5 c2 30. Rh1 Bb6 31. Qc8 Rh8 32. f4 e5 33. f5 Bh7 34.
Kxc2 Kg7 35. Kb3 Kf6 36. Qc6+ Kxf5 37. Rf1+ Kg4 38. Qf3+ Kh4 39. Re1 Re6 40.
Bxe6 fxe6 41. Nf2 Kg5 42. Rg1+ Kh4 43. Qh3# 1-0